Stairway To Heaven Lyrics - Statistics

General Stats
  • This quiz has been taken 3,028 times
  • The average score is 38 of 53
Answer Stats
Hint Answer % Correct
And she's buying a _______ __ ______. stairway to heaven
98%
Ooh, ooh, and she's buying a _______ __ ______. stairway to heaven
98%
And she's buying a ________ __ ______. stairway to heaven
98%
There's a _____ who's sure, lady
95%
There walks a ____ we all know, lady
95%
and did you ____, know
91%
words have two ________. meanings
90%
Ooh, it makes me ______... wonder
90%
Ooh, it makes me ______. wonder
90%
Ooh, it makes me _____, wonder
90%
Ooh, it really makes me _____. wonder
90%
And it makes me ______. wonder
90%
all that ______ __ ____ glitters is gold
87%
but she wants to be ____, sure
85%
There's a ______ I get, feeling
84%
When she gets there she _____, knows
84%
when I look to the ____, west
84%
'Cause you know _________ sometimes
81%
And the forests will echo with ________. laughter.
77%
if the ______ are all closed stores
76%
Somtimes all of our ______ are misgiven thoughts
76%
In my ________ I have seen, thoughts
76%
there's a ________ who sings, songbird
75%
There's still time to change the ____ you're on. road
74%
with a ____ she can get what she came for. word
74%
And a new day will ____, dawn
73%
There's a ____ on the wall, sign
72%
And as we ____ on down the road, wind
70%
Rings of _____ through the trees, smoke
67%
for those who _____ long, stand
67%
Then the _____ will lead us to reason. Piper
66%
the _____'s calling you to join him. Piper
66%
In a tree by the _____, brook
64%
and my _____ is crying for leaving. spirit
64%
but in the ____ ___, long run
63%
Your stairway lies on the __________ wind? whispering
63%
Yes there are two _____ you can go by, paths
62%
in case you ___'_ ____. don't know
61%
And if you ______ very hard, listen
60%
Dear lady, can you hear the ____ ____, wind blow
59%
To be a rock and not to ____. roll
58%
how everything still turns to ____. gold
57%
It's just a spring clean for the ___ ____. May Queen
57%
don't be _______ now, alarmed
54%
If there's a bustle in your ________, hedgerow
52%
if we all call the ____, tune
50%
The ____ will come to you at last. tune
50%
Your head is ______ and it won't go, humming
45%
And the ______ of those who stand looking. voices
45%
our _______ taller than our soul. shadows
43%
When all are ___ and ___ is all. one
40%
who shines _____ light and wants to show, white
37%
And it's _________ that soon, whispered
36%
No matching quizzes found
Score Distribution
Percent of People with Each Score
Percentile by Number Answered
Your Score History
You have not taken this quiz